| 000 | 01299cam a22003378a 4500 | ||
|---|---|---|---|
| 001 | 16222407 | ||
| 005 | 20110413150820.0 | ||
| 008 | 100507s2010 flu b 001 0 eng | ||
| 010 | _a 2010017180 | ||
| 020 | _a1420086588 | ||
| 020 | _a978-1420086584 | ||
| 040 |
_aDLC _cDLC |
||
| 050 | 0 | 0 |
_aTK7874.75 _b.A88 2010 |
| 082 | 0 | 0 |
_a621.3950285 _222 _bATT |
| 100 | 1 |
_aAttia, John Okyere. _923380 |
|
| 245 | 1 | 0 |
_aPSPICE and MATLAB for Electronics : _bAn Integrated Approach / _cJohn Okyere Attia. |
| 250 | _a2nd ed. | ||
| 260 |
_aBoca Raton : _bCRC Press, 2010 _c2010. |
||
| 263 | _a1111 | ||
| 300 |
_axvi, 356 p. : _bill. ; _c22 cm. |
||
| 490 | 0 |
_aVLSI circuits series _923381 |
|
| 504 | _aIncludes bibliographical references and index. | ||
| 630 | 0 | 0 |
_aPSpice. _923382 |
| 630 | 0 | 0 |
_aMATLAB. _923383 |
| 650 | 0 |
_aIntegrated circuits, Very large scale integration _xDesign and construction _xData processing. _923384 |
|
| 650 | 0 |
_aElectronic circuit design _xData processing. _923385 |
|
| 653 |
_bEle _cApril2011 |
||
| 942 |
_2ddc _cBB |
||
| 999 |
_c15190 _d15190 |
||